000 00590nam a22002177a 4500
003 UA-OsUOA
001 78173
007 ta
008 20111004b un ||||| |||| 00| 0 ukr d
100 _aАмбіцька А.
090 _a82
_bА61
942 _cSA
040 _aUA-OsUOA
_bukr
_cUA-OsUOA
_dUA-OsUOA
245 _aАрхетипи в художньому світі Івана Нечуя-Левицького
300 _aС.53-58
955 _a0
041 _aukr
080 _a82
773 0 _w78170
650 7 _a82 Література. Літературознавство
_2UDC
999 _c364484
_d364484